000 00451cam a2200145 4500500
005 20251012032444.0
041 _afre
042 _adc
100 1 0 _aBaron, Anne-Marie
_eauthor
245 0 0 _aThe zone of interest de Jonathan Glazer
260 _c2024.
500 _a3
786 0 _nRevue Sens | 453 | 2 | 2024-05-02 | p. 191a-192 | 0337-6222
856 4 1 _uhttps://shs.cairn.info/revue-revue-sens-2024-2-page-191a?lang=fr&redirect-ssocas=7080
999 _c1547337
_d1547337